000
00222 a2200097 4500
001
29941
100
_a
Tocci R
245
_a
Introduction to electronic circuits analysis
260
_a
_b
Merrill
_c
090
_c
19945
_d
19945
942
_a
NUST-CAE
_c
M
_c
11052
999
_c
265014
_d
265014